Viaje y tornaviaje : (Record no. 10839)
[ view plain ]
| 000 -CABECERA | |
|---|---|
| campo de control de longitud fija | 01923nam a22002777a 4500 |
| 001 - NÚMERO DE CONTROL | |
| campo de control | BRCA_9220 |
| 003 - IDENTIFICADOR DEL NÚMERO DE CONTROL | |
| campo de control | FranzMayer |
| 005 - FECHA Y HORA DE LA ÚLTIMA TRANSACCIÓN | |
| campo de control | 20220809140156.0 |
| 008 - DATOS DE LONGITUD FIJA--INFORMACIÓN GENERAL | |
| campo de control de longitud fija | 220726b |||||||| |||| 00| 0 eng d |
| 020 ## - NÚMERO INTERNACIONAL ESTÁNDAR DEL LIBRO | |
| Número Internacional Estándar del Libro | 9789585227156 |
| 040 ## - FUENTE DE LA CATALOGACIÓN | |
| Lengua de catalogación | spa |
| Centro/agencia transcriptor | MFM |
| 041 0# - CÓDIGO DE LENGUA | |
| Código de lengua del texto/banda sonora o título independiente | spa |
| 050 ## - SIGNATURA TOPOGRÁFICA DE LA BIBLIOTECA DEL CONGRESO | |
| Número de clasificación | N4395 |
| Número de documento/Ítem | V53 2021 |
| 245 00 - MENCIÓN DE TÍTULO | |
| Título | Viaje y tornaviaje : |
| Resto del título | Bienes y rutas del Galeón de Manila : Colección Museo Franz Mayer |
| 260 ## - PUBLICACIÓN, DISTRIBUCIÓN, ETC. | |
| Lugar de publicación, distribución, etc. | Bogotá, Colombia : |
| Nombre del editor, distribuidor, etc. | Ministerio de Cultura, Museo Nacional de Colombia, |
| Fecha de publicación, distribución, etc. | 2021 |
| 300 ## - DESCRIPCIÓN FÍSICA | |
| Extensión | 143 p. : |
| Otras características físicas | fot., map. col. ; |
| Dimensiones | 24 x 28 cm. |
| 500 ## - NOTA GENERAL | |
| Nota general | Ubicación: L59-N5 |
| 500 ## - NOTA GENERAL | |
| Nota general | Incluye imágenes de la Colección Museo Franz Mayer (pp. 54, 58-74, 82-108, 112-113, 115-120, 122-141 ) |
| 500 ## - NOTA GENERAL | |
| Nota general | Catálogo de la exposición "Viaje y tornaviaje. Bienes y rutas del Galeón de Manila. Colección Museo Franz Mayer" realizada en el Museo Nacional de Colombia en Bogotá, Colombia (26 de marzo a 27 de mayo de 2021). |
| 520 ## - SUMARIO, ETC. | |
| Sumario, etc. | Los siete ejes de la exposición -El viaje intercontinental, Desde Oriente para Occidente, La Compañía de Indias Orientales, La loza blanca de Puebla, Hilos, textiles y marfiles, El arte de la laca y La producción orfebre y la plata de intercambio- presentan los aspectos comerciales y de navegación del Galeón de Manila, los materiales y mercancías que se intercambiaban en el marco de esta ruta comercial y, por supuesto, la influencia artística que tuvo esta empresa transpacífica en las expresiones estéticas del mundo hispanoamericano y europeo durante más de dos siglos. - Juliana Restrepo Tirado, Directora del Museo Nacional de Colombia. |
| 610 ## - PUNTO DE ACCESO ADICIONAL DE MATERIA--NOMBRE DE ENTIDAD CORPORATIVA | |
| Nombre de entidad corporativa o nombre de jurisdicción como elemento de entrada | Museo Nacional de Colombia |
| Subdivisión de forma | Exposiciones |
| Subdivisión general | Arte |
| -- | Historia |
| 9 (RLIN) | 28504 |
| 610 ## - PUNTO DE ACCESO ADICIONAL DE MATERIA--NOMBRE DE ENTIDAD CORPORATIVA | |
| Nombre de entidad corporativa o nombre de jurisdicción como elemento de entrada | Museo Franz Mayer (Mexico City, Mexico) |
| Subdivisión de forma | Colecciones |
| Subdivisión general | Arte |
| 9 (RLIN) | 28505 |
| 651 ## - PUNTO DE ACCESO ADICIONAL DE MATERIA--NOMBRE GEOGRÁFICO | |
| Nombre geográfico | Galeón de Manila |
| Subdivisión de forma | Exposiciones |
| Subdivisión general | Arte |
| -- | Historia |
| 9 (RLIN) | 28506 |
| 942 ## - ELEMENTOS DE PUNTO DE ACCESO ADICIONAL (KOHA) | |
| Fuente del sistema de clasificación o colocación | Library of Congress Classification |
| Tipo de ítem Koha | Libros |
| Estado de retiro | Estado de pérdida | Fuente del sistema de clasificación o colocación | Estado dañado | No para préstamo | Localización permanente | Ubicación/localización actual | Fecha de adquisición | Signatura topográfica completa | Código de barras | Fecha visto por última vez | Precio válido a partir de | Tipo de ítem Koha |
|---|---|---|---|---|---|---|---|---|---|---|---|---|
| El ejemplar forma parte de la colección y puede ser consultado según las políticas vigentes. | Library of Congress Classification | Biblioteca del Museo Franz Mayer (Rogerio Casas-Alatriste) | Biblioteca del Museo Franz Mayer (Rogerio Casas-Alatriste) | 26/07/2022 | N4395 V53 2021 | CONT10005 | 26/07/2022 | 26/07/2022 | Libros | |||
| El ejemplar forma parte de la colección y puede ser consultado según las políticas vigentes. | Library of Congress Classification | Biblioteca del Museo Franz Mayer (Rogerio Casas-Alatriste) | Biblioteca del Museo Franz Mayer (Rogerio Casas-Alatriste) | 26/07/2022 | N4395 V53 2021 | CONT10006 | 26/07/2022 | 26/07/2022 | Libros | |||
| El ejemplar forma parte de la colección y puede ser consultado según las políticas vigentes. | Library of Congress Classification | Biblioteca del Museo Franz Mayer (Rogerio Casas-Alatriste) | Biblioteca del Museo Franz Mayer (Rogerio Casas-Alatriste) | 26/07/2022 | N4395 V53 2021 | CONT10007 | 26/07/2022 | 26/07/2022 | Libros |